Catálogo
Digital

Catálogo
Digital

Administración del producto (Record no. 11847)

MARC details
000 -CABECERA
campo de control de longitud fija 01631nam a2200361 4500
003 - IDENTIFICADOR DEL NÚMERO DE CONTROL
campo de control EC-UNACH
005 - FECHA Y HORA DE LA ÚLTIMA TRANSACCIÓN
campo de control 20230921112803.0
006 - CÓDIGOS DE INFORMACIÓN DE LONGITUD FIJA--CARACTERÍSTICAS DEL MATERIAL ADICIONAL
campo de control de longitud fija s||||gr|||| 00| 00
008 - DATOS DE LONGITUD FIJA--INFORMACIÓN GENERAL
campo de control de longitud fija 150116t9999 mx r gr 000 0 spa d
020 ## - NÚMERO INTERNACIONAL ESTÁNDAR DEL LIBRO
Número Internacional Estándar del Libro 978-970-10-6248-7
040 ## - FUENTE DE LA CATALOGACIÓN
Centro catalogador/agencia de origen EC-UNACH
Centro/agencia transcriptor EC-UNACH
041 ## - CÓDIGO DE LENGUA
Código de lengua del texto/banda sonora o título independiente spa
082 04 - NÚMERO DE LA CLASIFICACIÓN DECIMAL DEWEY
Número de edición 23
Número de clasificación 658
Número de documento/Ítem L015457
100 ## - ENTRADA PRINCIPAL--NOMBRE DE PERSONA
Nombre de persona Lehmann, Donald R
245 ## - MENCIÓN DE TÍTULO
Título Administración del producto
250 ## - MENCIÓN DE EDICIÓN
Mención de edición Cuarta Edición
264 ## - Producción, publicación, distribución, fabricación y copyright
Lugar de producción, publicación, distribución, fabricación México
Nombre del de productor, editor, distribuidor, fabricante Mc Graw Hill
Fecha de de producción, publicación, distribución, fabricación o copyright 2007
300 ## - DESCRIPCIÓN FÍSICA
Extensión 502 páginas
Otras características físicas Figura
Dimensiones 23 centímetros
501 ## - NOTA DE "CON"
Nota de “Con” Incluye, Sumario, contenido, Índice de nombres, indice analítico
504 ## - NOTA DE BIBLIOGRAFÍA, ETC.
Bibliografía, etc. Bibliografía 486 páginas
505 ## - NOTA DE CONTENIDO CON FORMATO
Nota de contenido con formato Introducción a la administración del producto -- Planeación de marketing -- Definición de la competencia -- Análisis del atractivo de la categoría -- Análisis de la competencia -- Análisis del consumidor -- Potencial de mercado y pronóstico de ventas -- Diseño de la estrategia del producto -- Nuevos productos -- Decisiones sobre asignación de precios -- Decisiones de publicidad -- Promociones -- Administración del canal -- Administración de relaciones con el cliente -- Análisis financiero para administración de productos -- Medidas de Marketing.
650 ## - PUNTO DE ACCESO ADICIONAL DE MATERIA--TÉRMINO DE MATERIA
Término de materia o nombre geográfico como elemento inicial MÉTODO DE PLANEACIÓN
650 ## - PUNTO DE ACCESO ADICIONAL DE MATERIA--TÉRMINO DE MATERIA
Término de materia o nombre geográfico como elemento inicial SEGMENTOS DE MERCADO
650 ## - PUNTO DE ACCESO ADICIONAL DE MATERIA--TÉRMINO DE MATERIA
Término de materia o nombre geográfico como elemento inicial JUICIO ADMINISTRATIVO
650 ## - PUNTO DE ACCESO ADICIONAL DE MATERIA--TÉRMINO DE MATERIA
Término de materia o nombre geográfico como elemento inicial ESTRATEGIAS DEL PRODUCTO
650 ## - PUNTO DE ACCESO ADICIONAL DE MATERIA--TÉRMINO DE MATERIA
Término de materia o nombre geográfico como elemento inicial ESTRATEGIAS DE MARKETING
650 ## - PUNTO DE ACCESO ADICIONAL DE MATERIA--TÉRMINO DE MATERIA
Término de materia o nombre geográfico como elemento inicial LA MARCA
650 ## - PUNTO DE ACCESO ADICIONAL DE MATERIA--TÉRMINO DE MATERIA
Término de materia o nombre geográfico como elemento inicial PROMOCIONES COMERCIALES
942 ## - ELEMENTOS DE PUNTO DE ACCESO ADICIONAL (KOHA)
Fuente del sistema de clasificación o colocación Clasificación Decimal Dewey
Tipo de ítem Koha Libros
999 ## - NÚMEROS DE CONTROL DE SISTEMA (KOHA)
Koha biblionumber 11847
Holdings
Estado de pérdida Fuente del sistema de clasificación o colocación Estado dañado No para préstamo Localización permanente Ubicación/localización actual Ubicación en estantería Fecha de adquisición Número de inventario Total de préstamos Signatura topográfica completa Código de barras Fecha visto por última vez Número de copia Precio válido a partir de Tipo de ítem Koha Centro de costos
  Clasificación Decimal Dewey     Biblioteca Campus Norte Biblioteca Campus Norte Administración de Empresas 21/09/2023 327495   658 LEH L015457 L015457 21/09/2023 01 21/09/2023 Libros  

Powered by Koha